Estadísticas para Primeros 100 dígitos del número PI

Haz click aquí para intentar la prueba.

Estadísticas generales

  • Esta prueba ha sido intentada 890 veces
    (864 desde el último reinicio)
  • La puntuación promedio es 56 de 100

Estadísticas de respuestas

Número de DígitoDígitos% Correcto
13
100%
21
99%
34
98%
41
97%
55
96%
72
95%
95
95%
86
95%
69
95%
103
93%
115
92%
128
92%
139
90%
147
89%
159
86%
172
84%
163
84%
183
82%
198
81%
204
80%
216
80%
222
78%
236
78%
244
76%
253
74%
292
73%
263
73%
283
73%
278
73%
307
72%
319
69%
325
68%
342
67%
330
66%
358
65%
381
64%
374
64%
368
64%
407
62%
399
62%
411
61%
426
60%
443
59%
439
59%
501
58%
473
58%
495
58%
487
58%
459
58%
469
58%
510
55%
525
53%
542
52%
538
52%
550
50%
584
48%
577
48%
569
48%
604
47%
614
47%
599
47%
625
45%
642
44%
653
44%
639
44%
660
42%
691
41%
677
41%
688
41%
714
39%
706
39%
720
36%
736
36%
742
35%
766
33%
758
33%
780
32%
772
32%
798
32%
809
31%
819
31%
842
30%
836
30%
828
30%
858
29%
873
28%
884
28%
860
27%
961
26%
902
26%
942
26%
934
26%
980
25%
951
25%
923
25%
915
25%
996
25%
977
25%
898
25%
1007
24%

Distribución de puntuación

Porcentaje por número respondido

Porcentaje de gente con cada puntuación

Historial de tus puntuaciones

No has intentado esta prueba desde el último reinicio